000 00484nam a2200145Ia 4500
008 100122s9999 xx 000 0 und d
082 _b66971
_a823
100 _aनाईक गुरुनाथ
245 _aखतरनाक थ्री स्टार
260 _bमनोरमा प्रकाशन
_c2005
300 _a171
630 _aखतरनाक थ्री स्टार
730 _aखतरनाक थ्री स्टार
942 _cBOOK
999 _c439317
_d439314